000
00295nam a2200109Ia 4500
001
1275922
005
20260417160437.0
008
260417s9999 xx 000 0 und d
020
_a
9786256910058
245
0
_a
Vecihi Hürkuş - Bulutlarla Konuşan Adam
_c
Beliz Yüksel
260
_b
Ketebe Çocuk
999
_c
1275922
_d
1275922